| 000 | nam a22 a 4500 | ||
|---|---|---|---|
| 999 |
_c149055 _d149055 |
||
| 003 | BLK | ||
| 005 | 20210202170818.0 | ||
| 008 | 180410b bul|||||r ||||||| ||bul|| | ||
| 010 | _aKNG00155293000 | ||
| 040 | _aBLK | ||
| 041 |
_aBUL _cBUL |
||
| 080 |
_aТехника. Технически науки _b62 _x:087.5 _z62:087.5 |
||
| 100 | 1 |
_aДиков, Христо _eпърви автор _9330276 |
|
| 139 |
_aДиков, Христо _bД 54 |
||
| 245 | 1 | 0 |
_aАзбука на малкия техник _bНауч.-попул. четиво за юноши _cХристо Диков; худож. Огнян Мирчев. |
| 257 | _aBGR | ||
| 260 |
_bОтечество _c1979 _aСофия |
||
| 300 |
_a96 с. _bс ил. _c29 см |
||
| 380 | _aDN | ||
| 500 | _a25 115 тир. | ||
| 650 | 4 |
_aТехника _9173585 |
|
| 653 | _aтехника | ||
| 653 | _aдетска литература | ||
| 700 | 1 |
_aМирчев, Огнян _eхудож. _9380378 |
|
| 852 | _aЦб ІІ 19364 | ||
| 856 | 4 | _qpdf | |
| 856 | 4 | _qpdf | |
| 942 |
_cKNG _n0 _s1 |
||
| 944 |
_aCR _c06.01.2014 _l06.01.2014 - от С1,Р / 06.01.2014 _kМитко_Георгиев |
||
| 944 |
_aED _c06.01.2014 _l06.01.2014 - от С1,Р / 06.01.2014 |
||
| 999 | _d149055 | ||